• 首页
  • 本馆介绍
  • 公告通知
  • 最新文献
  • 馆藏检索
  • 电子资源
  • 读者导购
  • 参考咨询
  • 我的图书馆
  • 登录
  • 详细信息显示
  • 放入我的书架
  • 预约/预借图书
  • 作者相关作品
  • 分类相关作品
  • 丛书相关作品
  • 出版社相关作品

书目信息

  • 表格格式
  • 工作单格式
  • 卡片格式
题名:
可撕式配色手册
    
 
作者: 澁川育由 , 高桥由美 编
分册: 2  
出版信息: 北京   世界图书出版公司  1999
页数: 1册
开本: 20cm
丛书名:
单 册:
中图分类: TS801.3
科图分类:
主题词: 印刷工业 , 印刷
电子资源:
ISBN: 7-5062-2844-0
000 00653nam0 2200229 45
001 0304230027
005 20031219104109.7
010    @a7-5062-2844-0@dCNY90.00
100    @a20030423d1999 km y0chiy0120 ea
101 0  @achi
105    @a z 000yy
200 1  @a可撕式配色手册@h2@AKe Si Shi Pei Se Shou Ce@f(日)澁川育由,高桥由美编@F(Ri)Se Chuan Yu You,Gao Qiao You Mei Bian
205    @a3版
210    @a北京@c世界图书出版公司@d1999
215    @a1册@d20cm
606 0  @a印刷工业
606 0  @a印刷
690    @aTS801.3@v4
701  0 @a澁川育由@4编
701  0 @a高桥由美@4编
801    @aCN@bTSTC@c20030423
905    @b323160-162@dTS801.3@e31:2=3@f3
    
    可撕式配色手册.2/(日)澁川育由,高桥由美编.-3版.-北京:世界图书出版公司,1999
    1册;20cm
    
    
    ISBN 7-5062-2844-0:CNY90.00
    
●
相关链接 在E读中查询图书 在五车中查询图书 在当当中查询图书 在豆瓣中查询图书


正题名:可撕式配色手册     索取号:TS801.3/31:2=3         预约/预借

序号 登录号 条形码 馆藏地/架位号 状态 备注
1 0323160   203231608   第三借阅区/ [索取号:TS801.3/31:2=3] 在馆    
2 0323161   203231617   第三借阅区/ [索取号:TS801.3/31:2=3] 在馆    
3 0323162   203231626   第二样本阅览室/ [索取号:TS801.3/31:2=3] 在馆    
唐山师范学院图书馆 欢迎您!
大连网信软件有限公司© 版权所有